| 000 | 00442nam a22001217a 4500 | ||
|---|---|---|---|
| 040 | _cNust | ||
| 082 |
_a923.2 _bZAH |
||
| 100 |
_aZahida Altaf _9128619 |
||
| 245 | _aتحریک پاکستان کے بے لوث مجاہد ڈاکٹر محمد الیاس مسعود | ||
| 260 |
_aLahore: _bAl Faisal, _c2000. |
||
| 650 |
_aتحریک پاکستان کے بے لوث مجاہد ڈاکٹر محمد الیاس مسعود _9128620 |
||
| 942 |
_2ddc _cBK |
||
| 999 |
_c613526 _d613526 |
||